| 000 | 00571nam a2200193Ia 4500 | ||
|---|---|---|---|
| 008 | 151121s9999||||xx |||||||||||||| ||und|| | ||
| 082 | _a813/जोशी | ||
| 082 | _bHNW-56551 | ||
| 100 | _aजोशी स्नेहल | ||
| 245 | _aघरसंसार | ||
| 260 | _b"मनमोहिनी प्रकाशन, पुणे।" | ||
| 260 | _c-- | ||
| 300 | _a184 | ||
| 600 | _aजोशी स्नेहल | ||
| 630 | _aघरसंसार | ||
| 700 | _aजोशी स्नेहल | ||
| 730 | _aघरसंसार | ||
| 942 | _cBOOK | ||
| 999 |
_c1239028 _d1239025 |
||